| 000 | 00604nam a2200217 a 4500 | ||
|---|---|---|---|
| 005 | 20250220063755.0 | ||
| 008 | 991125s1980 mx 000 0 spa u | ||
| 020 | _a9686052313 | ||
| 035 | _aUPN01000007723 | ||
| 049 | _aCG | ||
| 050 | 4 |
_aLB5 _bN8 no.52 1980 |
|
| 100 | 1 |
_aHermoso Nájera, Salvador _928758 |
|
| 245 | 1 | 0 |
_aCiencia de la educación / _cSalvador Hermoso Nájera. |
| 250 | _a5a ed. | ||
| 260 |
_aMéxico : _bOasis, _c1980. |
||
| 300 | _a289 p. | ||
| 440 | 0 |
_aNueva biblioteca pedagógica ; _v52 |
|
| 650 | 4 |
_aEducación _vColecciones _97286 |
|
| 650 | 4 |
_aEducación _9682 |
|
| 905 | _aLibro | ||
| 999 |
_c7723 _d7723 |
||